| 000 | 00480 a2200145 4500 | ||
|---|---|---|---|
| 999 |
_c3555 _d3555 |
||
| 020 | _a9780908310456 | ||
| 050 | _aLB 1576 BRO 1991 | ||
| 100 |
_aBrown, Micheal Lawson _eAuhtor |
||
| 245 |
_aTeaching creative writing : _ba teacher's guide to continuos writing / _cMicheal Lawson Brown |
||
| 264 |
_aZimbabwe: _bLongman (Pvt) Limited, _c1991 |
||
| 300 |
_a74p. : _bill. |
||
| 500 | _aIncludes list of writing topics and titles | ||
| 650 | _aPenmanship | ||
| 942 |
_2lcc _cBK _h1576 _iBRO _kLB |
||